000 00309 a2200157 4500
001 179655
020 _a
040 _cMagnum
100 _aMatuck, Ruvens
240 1 0 _aO cerrado
_lpor
245 1 0 _aO cerrado
362 0 _a1899
440 1 _aÁtica
697 _aMAGNITO: IJ/PARADIDATICO
942 _cBK
999 _c179655
_d179655